Thomas and Friends - Season 2 Episodes - Statistics

General Stats
  • This quiz has been taken 67 times
  • The average score is 20 of 26
Answer Stats
Episode # Episode title % Correct
14 A Close Shave
91%
13 Dirty Work
83%
23 Edward's Exploit
83%
24 Ghost Train
83%
5 Old Iron
83%
12 Pop Goes the Diesel
83%
4 Saved from Scrap
83%
1 Thomas, Percy and the Coal
83%
3 Bertie's Chase
78%
2 Cows!
78%
19 Daisy
78%
9 Percy and Harold
78%
11 Percy Takes the Plunge
78%
26 Thomas and the Missing Christmas Tree
78%
22 Wrong Road
78%
16 Break Van
74%
8 Duck Takes Charge
74%
20 Percy's Predicament
74%
17 The Deputation
74%
21 The Diseasel
74%
10 The Runaway
74%
18 Thomas Comes to Breakfast
74%
7 Percy and the Signal
70%
6 Thomas and Trevor
70%
15 Better Late than Never
65%
25 Woolly Bear
65%
No matching quizzes found
Score Distribution
Percent of People with Each Score
Percentile by Number Answered
Your Score History
You have not taken this quiz